000 00961nam0a22002651 4500
001 rc\2585317
005 20250623121506.0
035 _a(NLR Aleph) 006749710
090 _a5731585
_c5731585
100 _a20110914d1929 |||y0rusy50 ca
101 0 _arus
102 _aRU
105 _ay z |||||
200 1 _aВ боях с бюрократизмом
_e(Опыт совячеек)
_fС. Девенишский
210 _aМосква
_aЛенинград
_cМолодая гвардия
_d1929
_eМосква
_gтип. изд-ва "Дер эмес"
215 _a110, [2] с.
_d15х11 см.
225 1 _aБиблиотека комсомольского опыта. Серия "Самокритика и борьба с бюрократизмом"
700 1 _aДевенишский
_bС.
801 0 _aRU
_bNLR
_gpsbo
801 1 _aRU
_bELAR
_2rusmarc
852 _aNLR
_j75/357
852 _aNLR
_j90-2/3372
942 _cBOOK
980 _aNB